| 000 | 00989nam a2200253Ia 4500 | ||
|---|---|---|---|
| 003 | OSt | ||
| 005 | 20210716141600.0 | ||
| 008 | 130821s1976 ck gr spa | ||
| 040 |
_aCo-BoUCM _bspa _cCO-JMCR |
||
| 041 | 0 | _aspa | |
| 082 | 0 |
_a332.4986 / _bA837b _223 |
|
| 111 | 2 |
_aConvención Bancaria y de Instituciones Financieras _n(14 : _d1976 Oct 28-30 : _cCartagena, Colombia) _938531 |
|
| 245 | 1 | 0 |
_aBanca 76 : _bmemoria / _cXIV Convención Bancaria y de Instituciones Financieras ; Asociación Bancaria de Colombia. |
| 260 |
_a[Bogotá, Colombia] : _bPresencia, _c1976. |
||
| 300 |
_a130 páginas ; _c24 cm. |
||
| 501 | _aCon: notas a pie de página. | ||
| 505 | _aOpiniones del sector financiero. -- Opiniones del gobierno. -- Conclusiones. | ||
| 650 | 0 | 4 |
_aBanca _zColombia _99920 |
| 650 | 0 | 4 |
_aBancos _zColombia _99920 |
| 650 | 0 | 4 |
_aFinanzas _zColombia _97628 |
| 650 | 0 | 4 |
_aBancos y banca _zColombia _97628 |
| 710 | 2 |
_aAsociación Bancaria de Colombia. _98022 |
|
| 942 |
_cBK _2ddc |
||
| 999 |
_c11954 _d11954 |
||